00341nam a2200109Ia 4500008004100000082000800041100002100049245004500070942000600115952009500121999001500216240331s9999 xx 000 0 und d bPRA aPrakash, G. M. L 0aTamilinmuthal oviya vimarsana illakkiyam cL 001040708LaWERCLbWERCLcSSCd2024-03-31l0o 750 PRAp1561r2024-03-31w2024-03-31yL c3703d3703